| 000 | 00579nam a2200181Ia 4500 | ||
|---|---|---|---|
| 003 | LK-CoDNM | ||
| 008 | 010623t1962 xxu||||| |||| 00| 1 sin d | ||
| 040 |
_aLK-CoDNM _dLK-CoDNM _eLK-CoDNM |
||
| 041 | _asin | ||
| 080 | _a133.52 GRH | ||
| 100 | _aWyidhyarathna,Sri Deva | ||
| 245 | _aග්රහ අපල දුරලන පූඡා සහිත බලවත් යන්ත්රය | ||
| 246 | _aGraha Apala Duralana Puja Sahitha Balawath Yanthraya | ||
| 260 |
_bKarunarathna Co. _aPetha _c1962 |
||
| 300 | _b16p., 24 cm | ||
| 650 | _aAstrology | ||
| 942 | _cBK | ||
| 999 |
_c106011 _d106011 |
||